Desarrollo del niño y del adolescente: Compendio para educadores/ por Judith Meece; traducción de José C. Pecina Hernández. (Record no. 136524)

MARC details
000 -CABECERA
campo de control de longitud fija 00928nam a2200241 a 4500
005 - FECHA Y HORA DE LA ÚLTIMA TRANSACCIÓN
campo de control 20210219160359.0
008 - ELEMENTOS DE LONGITUD FIJA--INFORMACIÓN GENERAL
campo de control de longitud fija 081028s2000 mx r 000 0 spa d
020 ## - NÚMERO INTERNACIONAL NORMALIZADO PARA LIBROS
Número Internacional Estándar del Libro 9701847474
035 ## - NÚMERO DE CONTROL DEL SISTEMA
Número de control de sistema UPN01000164412
049 ## - COLECCIÓN
Colección UNE
080 ## - NÚMERO DE CLASIFICACIÓN DECIMAL UNIVERSAL
Número de la Clasificación Decimal Universal 159.922. 7 "2000" MEE.
100 1# - ASIENTO PRINCIPAL--NOMBRE PERSONAL
Nombre de persona Meece, Judith
245 10 - MENCIÓN DE TÍTULO
Título Desarrollo del niño y del adolescente: Compendio para educadores/ por Judith Meece; traducción de José C. Pecina Hernández.
260 ## - PUBLICACIÓN, DISTRIBUCIÓN, ETC.
Lugar de publicación, distribución, etc. México : SEP : McGraw-Hill Interamericana, 2000.
300 ## - DESCRIPCIÓN FÍSICA
Extensión xiii, 394 p.; 27 cm. il.
440 #0 - MENCIÓN DE SERIE/ASIENTO SECUNDARIO--TÍTULO
Título Biblioteca para la actualización del maestro
500 ## - NOTA GENERAL
Nota general Incluye bibliografía.
690 ## - PUNTO DE ACCESO ADICIONAL DE MATERIA LOCAL--TÉRMINO DE MATERIA (OCLC, RLIN)
Término de materia o nombre geográfico como elemento inicial Psicologia del niño- Desarrollo afectivo
690 ## - PUNTO DE ACCESO ADICIONAL DE MATERIA LOCAL--TÉRMINO DE MATERIA (OCLC, RLIN)
Término de materia o nombre geográfico como elemento inicial Psicologia del adolescente- Cognicion
700 1# - ASIENTO SECUNDARIO--NOMBRE DE PERSONAL
Nombre de persona Pecina Hernádez, José C., tr
710 1# - ASIENTO SECUNDARIO - NOMBRE CORPORATIVO
Nombre de entidad corporativa o nombre de jurisdicción como elemento de entrada México. Secretaría de Educación Pública. Subsecretaría de Educación Básica y Normal.
905 ## - TIPO DE MATERIAL
Tipo de material UNESCO

No items available.